Political theory : (Record no. 5514)

MARC details
000 -LEADER
fixed length control field 02286nam a22003615i 4500
001 - CONTROL NUMBER
control field 23857717
003 - CONTROL NUMBER IDENTIFIER
control field OSt
005 - DATE AND TIME OF LATEST TRANSACTION
control field 20260204170055.0
008 - FIXED-LENGTH DATA ELEMENTS--GENERAL INFORMATION
fixed length control field 240905s2025 cau 000 0 eng
010 ## - LIBRARY OF CONGRESS CONTROL NUMBER
LC control number 2024945732
020 ## - INTERNATIONAL STANDARD BOOK NUMBER
International Standard Book Number 9781529795745
Qualifying information (paperback)
020 ## - INTERNATIONAL STANDARD BOOK NUMBER
International Standard Book Number 9781529795752
Qualifying information (hardback)
020 ## - INTERNATIONAL STANDARD BOOK NUMBER
Canceled/invalid ISBN 9781036205737
Qualifying information (epub)
020 ## - INTERNATIONAL STANDARD BOOK NUMBER
Canceled/invalid ISBN 9781036202644
Qualifying information (epub)
020 ## - INTERNATIONAL STANDARD BOOK NUMBER
Canceled/invalid ISBN 9781036203672
Qualifying information (pdf)
035 ## - SYSTEM CONTROL NUMBER
System control number 23857717
040 ## - CATALOGING SOURCE
Transcribing agency Foundation University
Description conventions rda
042 ## - AUTHENTICATION CODE
Authentication code pcc
050 ## - LIBRARY OF CONGRESS CALL NUMBER
Classification number JA 71
Item number .2025 S74
100 1# - MAIN ENTRY--PERSONAL NAME
Personal name Stevens, Simon,
Relator term author.
9 (RLIN) 14535
245 10 - TITLE STATEMENT
Title Political theory :
Remainder of title why big ideas matter /
Statement of responsibility, etc. Simon Stevens.
264 #1 - PRODUCTION, PUBLICATION, DISTRIBUTION, MANUFACTURE, AND COPYRIGHT NOTICE
Place of production, publication, distribution, manufacture Thousand Oaks :
Name of producer, publisher, distributor, manufacturer SAGE Publication Ltd,
Date of production, publication, distribution, manufacture, copy right date 2025.
Copyright Date 2025.
300 ## - PHYSICAL DESCRIPTION
Materials specified resource
Extent xiv, 299 pages :
Other physical details illustration ;
Dimensions 24 cm.
Type of unit volume
336 ## - CONTENT TYPE
Content type term text
Content type code txt
Source rdacontent
337 ## - MEDIA TYPE
Media type term unmediated
Media type code n
Source rdamedia
338 ## - CARRIER TYPE
Carrier type term volume
Carrier type code nc
Source rdacarrier
Materials specified resource
504 ## - BIBLIOGRAPHY, ETC. NOTE
Bibliography, etc. note Includes bibliographical references and index.
520 ## - ABSTRACT, SUMMARY, ETC.
Abstract, Summary, etc. "A text that promises to make political theory more accessible and relatable to contemporary university students-especially in the context of expanding and diversifying university enrolment. This is an exciting, innovative and very well-developed proposal for a new introduction to political theory. Taking the perennial problems in political theory, such as political power, authority, liberty and justice, it offers a breath of fresh air in a market where texts have a reputation for being dense and abstract. In contrast, this book speaks directly to students, showing the various ways in which experts have theorised problems that remain just as relevant to politics today - from climate change to the rights to our data. This is achieved by hearing from the 'usual suspects' (i.e. from the Eurocentric canon) but half of each chapter broadens the canon of thinkers to offer a more global range of theorists to consider"--
Assigning source Provided by publisher.
650 ## - SUBJECT ADDED ENTRY--TOPICAL TERM
Source of heading or term LC
Topical term or geographic name entry element Political science.
9 (RLIN) 6468
658 ## - INDEX TERM--CURRICULUM OBJECTIVE
Main curriculum objective Political Science, Master of Arts in :
Subordinate curriculum objective Issues in Political Theory ;
Curriculum code POL32
856 ## - ELECTRONIC LOCATION AND ACCESS
Uniform Resource Identifier <a href="https://drive.google.com/file/d/1cqowEj_hhgeDQfFE5MyOeOE5KYkphTWW/view?usp=sharing">https://drive.google.com/file/d/1cqowEj_hhgeDQfFE5MyOeOE5KYkphTWW/view?usp=sharing</a>
Link text Click here to view the table content
942 ## - ADDED ENTRY ELEMENTS (KOHA)
Source of classification or shelving scheme Library of Congress Classification
Koha item type Books
Classification part JA 71
Item part .2025 S74
Call number prefix (CAS-PS)
Holdings
Uniform Resource Identifier Withdrawn status Lost status Source of classification or shelving scheme Damaged status Not for loan Collection code Home library Current library Shelving location Date acquired Source of acquisition Total Checkouts Full call number Barcode Date last seen Price effective from Koha item type Accession Number
https://drive.google.com/file/d/1cqowEj_hhgeDQfFE5MyOeOE5KYkphTWW/view?usp=sharing     Library of Congress Classification   Room Use Only Non-fiction Foundation University Library Foundation University Library CoArts & Sciences 02/02/2026 QT   (CAS-PS) JA 71 .2025 S74 0072026015027 02/02/2026 02/02/2026 Books CAS-PS-2026027
https://drive.google.com/file/d/1cqowEj_hhgeDQfFE5MyOeOE5KYkphTWW/view?usp=sharing     Library of Congress Classification     Non-fiction Foundation University Library Foundation University Library CoArts & Sciences 02/02/2026 QT   (CAS-PS) JA 71 .2025 S74 c2 0072026015028 02/02/2026 02/02/2026 Books CAS-PS-2026028